| 000 | 00923nam a2200217 i 4500 | ||
|---|---|---|---|
| 001 | 181824 | ||
| 003 | ES-MaACL | ||
| 005 | 20260203063034.0 | ||
| 008 | 130401s1946 sp |||| | spa d | ||
| 080 | _a904(464.5 Zorita de los Canes) | ||
| 100 | 1 |
_aCabré Aguiló, Juan, _d1882-1947 _933266 |
|
| 245 | 1 | 3 |
_aEl tesorillo visigodo de Trientes de las excavaciones del Plan Nacional de 1944-45 en Zorita de los Canes (Guadalajara) / _cpor Juan Cabré Aguiló. |
| 260 |
_aMadrid : _bMinisterio de Educación Nacional, Comisaría General de Excavaciones Arqueológicas, _c1946. |
||
| 300 |
_a56 p., XV lám. ; _c25 cm. |
||
| 490 | 1 |
_aInformes y Memorias ; _v10 |
|
| 650 | 4 |
_aOrfebrería visigoda- _zTrientes. _9152552 |
|
| 710 | 1 |
_aEspaña. _bComisaría General de Excavaciones Arqueológicas. _93706 |
|
| 830 | 0 |
_aInformes y Memorias ; _v10 _9191690 |
|
| 852 |
_aES-MaACL _jE-3382(2) |
||
| 999 |
_c181824 _d181824 |
||